|
|
|
|
| LEADER |
01716nam a2200397 i 4500 |
| 001 |
EBC6265073 |
| 003 |
MiAaPQ |
| 005 |
20201119174231.0 |
| 006 |
m o d | |
| 007 |
cr cnu|||||||| |
| 008 |
201119s2020 enka o 001 0 eng d |
| 020 |
|
|
|z 9781641892025
|
| 020 |
|
|
|a 9781641892032 (e-book)
|
| 035 |
|
|
|a (MiAaPQ)EBC6265073
|
| 035 |
|
|
|a (Au-PeEL)EBL6265073
|
| 035 |
|
|
|a (OCoLC)1175920459
|
| 040 |
|
|
|a MiAaPQ
|b eng
|e rda
|e pn
|c MiAaPQ
|d MiAaPQ
|
| 050 |
|
4 |
|a JV7590
|b .C383 2020
|
| 082 |
0 |
|
|a 325.4
|2 23
|
| 245 |
0 |
0 |
|a Heritage discourses in Europe :
|b Responding to migration, mobility, and cultural identities in the twenty-first century /
|c Laia Colomer and Anna Catalani.
|
| 264 |
|
1 |
|a London, England :
|b Arc Humanities Press,
|c 2020.
|
| 300 |
|
|
|a 1 online resource (130 pages) :
|b illustrations
|
| 336 |
|
|
|a text
|b txt
|2 rdacontent
|
| 337 |
|
|
|a computer
|b c
|2 rdamedia
|
| 338 |
|
|
|a online resource
|b cr
|2 rdacarrier
|
| 500 |
|
|
|a Includes index.
|
| 588 |
|
|
|a Description based on print version record.
|
| 590 |
|
|
|a Electronic reproduction. Ann Arbor, MI : ProQuest, 2018. Available via World Wide Web. Access may be limited to ProQuest affiliated libraries.
|
| 650 |
|
0 |
|a Emigration and immigration.
|
| 650 |
|
0 |
|a Ethnicity.
|
| 655 |
|
4 |
|a Electronic books.
|
| 700 |
1 |
|
|a Catalani, Anna,
|e editor.
|
| 700 |
1 |
|
|a Colomer, L.,
|e editor.
|
| 776 |
0 |
8 |
|i Print version:
|t Heritage discourses in Europe : Responding to migration, mobility, and cultural identities in the twenty-first century.
|d London, England: Arc Humanities Press, 2020
|h 130 pages
|z 9781641892025
|
| 797 |
2 |
|
|a ProQuest (Firm)
|
| 856 |
4 |
0 |
|u https://ebookcentral.proquest.com/lib/matrademy/detail.action?docID=6265073
|z Click to View
|